Name the Last Four Quiz Stats

 Plays Quiz Updated Feb 3, 2019

Score 0/36 Timer 06:00
6 Plays Today
% Correct
December
99.4%
November
99.3%
October
99.3%
September
99.2%
George W. Bush
98.2%
Barack Obama
98%
Donald Trump
97.9%
Bill Clinton
96.3%
Saturn
90.6%
Hawaii
90.3%
Uranus
90%
Alaska
89.6%
Jupiter
89.1%
Neptune
87.5%
Italy
82.3%
Germany
80.8%
New England Patriots
75.2%
John Paul I
74.7%
% Correct
France
71.8%
New England Patriots
71.4%
Spain
69.1%
New Mexico
65.6%
Arizona
62.3%
Philadelphia Eagles
61.1%
Francis
60.7%
Denver Broncos
60.1%
Quantum of Solace
59.2%
John Paul II
56.5%
Skyfall
56.4%
Spectre
55.9%
Casino Royale
45.5%
Green Book
41.4%
Benedict XVI
36.6%
Moonlight
35.6%
The Shape of Water
35.5%
Spotlight
28.9%

You're not logged in!

Compare scores with friends on all Sporcle quizzes.
OR
Log In

You Might Also Like...

Show Comments

Extras

Top Quizzes Today


Score Distribution

Your Account Isn't Verified!

In order to create a playlist on Sporcle, you need to verify the email address you used during registration. Go to your Sporcle Settings to finish the process.

Report this User

Report this user for behavior that violates our Community Guidelines.

Details: